LEADER 05401oam 2200505I 450 001 9910793456503321 005 20230817192120.0 010 $a1-351-36694-7 010 $a1-351-36695-5 010 $a1-315-15063-8 024 7 $a10.1201/b22453 035 $a(CKB)4100000007804850 035 $a(MiAaPQ)EBC5725887 035 $a(OCoLC)1089729247 035 $a(OCoLC-P)1089729247 035 $a(FlBoTFG)9781315150635 035 $a(EXLCZ)994100000007804850 100 $a20190312d2019 uy 0 101 0 $aeng 135 $aurcnu---unuuu 181 $ctxt$2rdacontent 182 $cc$2rdamedia 183 $acr$2rdacarrier 200 00$aImmunology $ean introductory textbook /$fedited by Anil K. Sharma 210 1$aSingapore :$cPan Stanford Publishing,$d2019. 215 $a1 online resource (261 pages) 311 $a981-4774-51-0 327 $aCover; Half Title; Title Page; Copyright Page; Table of Contents; Preface; 1: Introduction to lmmunology; 1.1 Historical Attributes; 1.2 lmmunological Responses and Effectors; 1.2.1 lnnate and Adaptive lmmunity; 1.2.1.1 lnnate immunity; 1.2.1.2 Adaptive immunity; 1.3 Summary; 2: lmmunity; 2.1 Basic Concept of lmmunity; 2.2 Historical Background of Immune Responses; 2.3 Cell-Mediated Immune Responses; 2.4 Processing of Endogenous Antigens: Cytosolic Pathway; 2.5 Processing of Endogenous Antigens: Endocytic Pathway; 2.6 Humoral Immunity; 2.7 Activation of B-Cells 327 $a2.8 Humoral Response to T-Dependent Antigens2.9 Humoral Response to T-lndependent Antigens; 3: Proteins of the Immune System; 3.1 Antimicrobial Peptide; 3.2 Pattern Recognition Receptor; 3.3 Toll-Like Receptors; 3.4 NOD Protein; 3.5 Acute Phase Proteins; 3.6 Interferon; 3.7 Complement System; 3.7.1 Function of Complement System; 3.7.2 Complement Nomenclature; 3.8 Activation of Complement Pathways; 3.9 Classical Pathway of the Complement System; 3.10 Lectin Pathway; 3.11 Alternative Pathway; 3.12 Small Fragments of the Complement Protein Initiates Local Inflammatory Response 327 $a3.13 Membrane Attack Complex (MAC) or Lytic Pathway3.14 Regulation of Complement Protein; 3.15 Summary; 4: Major Histocompatibility Complex (MHC): Recent Trends and Relevance from lmmunological Perspective; 4.1 Introduction; 4.2 Nomenclature of HLA Antigens; 4.3 Frequency of Different HLA Alleles; 4.4 Molecular and Genetics Basis of MHC Polymorphisms; 4.4.1 Inheritance; 4.4.2 Expression; 4.5 MHC Molecules: Structure and Genetics; 4.5.1 MHC Class I vs. MHC Class Il; 4.5.1.1 MHC Class I; 4.5.1.2 MHC Class Il; 4.6 Role of MHC in Immune Response; 4.6.1 The Mixed Lymphocyte Reaction 327 $a4.6.2 Antigen Processing and Presentation4.6.3 Sorne Points about MHC Class I and Class Il /TCR; 4.7 Antigen Processing and Presentation; 4.8 Langerhans Cells as APC; 4.9 Antigen Processing and Presentation by Class Il (Exogenous/Endocytic) Pathway; 4.10 Antigen Processing and Presentation by Class I (Endogenous/Cytosolic) Pathway; 4.11 Significance of MHC-Peptide Presentation; 4.12 Clonal Selection of T-cells; 4.13 Generation of Cytotoxic T-Cells; 4.14 Immune Response Genes; 4.15 Complement Factor Genes; 4.16 Nonimmunologic Functions of MHC Genes 327 $a4.17 Disease and the Major Histocompatibility Complex5: Immune System of the Brain; 5.1 Introduction; 5.2 Microglia; 5.3 Astrocytes; 5.4 Toll-Like Receptors; 5.5 Pro-lnflammatory Cytokines; 5.6 Summary; 6: An Overview of lmmunodeficiency Disorders; 6.1 Introduction; 6.2 Primary lmmunodeficiency Diseases; 6.3 Classification of Primary lmmunodeficiency; 6.3.1 Severe Combined lmmunodeficiency; 6.3.1.1 X-linked recessive severe combined immunodeficiency; 6.3.1.2 Adenosine deaminase deficiency; 6.3.2 Well-Defined Syndromes with lmmunodeficiency 330 $aImmunology has emerged as a key component of the curricula of graduate and postgraduate courses in biotechnology, microbiology, biochemistry, bioinformatics, and other interdisciplinary fields of biology, including zoology, veterinary science, and medicine. As a basic introductory textbook on one of the fastest-moving and most challenging areas of immunological science, this book contains the most recent information about immunologic mechanisms and their importance, along with various molecular techniques employed in immunology. The short and concise text helps make the structures, processes, and interactions of the immune system easily comprehensible. The book includes chapters on immunoinformatics as well as the immune system of the brain, rarely found in any of the immunology books published so far. Many diverse and interesting aspects of the advances in immunology have also been covered, including tumor immunology and immunodeficiency disorders. The easy-to-understand concepts presented in the textbook make it an ideal companion for learners preparing for competitive and other examinations. Undergraduate, postgraduate, and PhD students, people from the industry and academia, and research scholars will immensely benefit from it. 606 $aImmunology$xResearch 606 $aImmunology$xTechnique 615 0$aImmunology$xResearch. 615 0$aImmunology$xTechnique. 676 $a616.079072 702 $aSharma$b Anil K.$f1980- 801 0$bOCoLC-P 801 1$bOCoLC-P 906 $aBOOK 912 $a9910793456503321 996 $aImmunology$957829 997 $aUNINA LEADER 04859nam 22006375 450 001 9910522570003321 005 20230810174227.0 010 $a3-030-90310-9 024 7 $a10.1007/978-3-030-90310-7 035 $a(MiAaPQ)EBC6877895 035 $a(Au-PeEL)EBL6877895 035 $a(CKB)21048073200041 035 $a(DE-He213)978-3-030-90310-7 035 $a(PPN)264200659 035 $a(EXLCZ)9921048073200041 100 $a20220131d2022 u| 0 101 0 $aeng 135 $aurcnu|||||||| 181 $ctxt$2rdacontent 182 $cc$2rdamedia 183 $acr$2rdacarrier 200 10$aModeling Economic Instability $eA History of Early Macroeconomics /$fby Michaël Assous, Vincent Carret 205 $a1st ed. 2022. 210 1$aCham :$cSpringer International Publishing :$cImprint: Springer,$d2022. 215 $a1 online resource (253 pages) 225 1 $aSpringer Studies in the History of Economic Thought,$x2662-6101 311 08$aPrint version: Assous, Michaël Modeling Economic Instability Cham : Springer International Publishing AG,c2022 9783030903091 327 $aChapter 1. Looking for dynamic economics: Tinbergen?s early breakthrough -- Chapter 2. Relaxation oscillations in the early development of econometrics: a road not taken -- Chapter 3. Frisch?s macro-dynamics: inner stability and external impulses -- Chapter 4. Kalecki?s macro-dynamics: ?Automatic cycles,? stagnation and class struggle -- Chapter 5. Tinbergen?s macro-dynamics: Instability and the possibility of collapse -- Chapter 6. Business cycles, pump-priming and the role of public expenditures -- Chapter 7. Stability analysis and early Keynesian systems -- Chapter 8. Full employment and instability: Disentangling issues on existence and stability. 330 $aThis book offers a fresh perspective on the early history of macroeconomics, by examining the macro-dynamic models developed from the late 1920s to the late 1940s, and their treatment of economic instability. It first explores the differences and similarities between the early mathematical business cycle models developed by Ragnar Frisch, Michal Kalecki, Jan Tinbergen and others, which were presented at meetings of the Econometric Society and discussed in private correspondence. By doing so, it demonstrates the diversity of models representing economic phenomena and especially economic crises and instability. Jan Tinbergen emerged as one of the most original and pivotal economists of this period, before becoming a leader of the macro-econometric movement, a role for which he is better known. His emphasis on economic policy was later mirrored in the United States in Paul Samuelson?s early work on business cycles analysis, which, drawing on Alvin Hansen, aimed at interpreting the 1937-1938 recession. The authors then show that the subsequent shift in Samuelson's approach, from the study of business cycle trajectories to the comparison of equilibrium points, provided a response to the econometricians' critique of early Keynesian models. In the early 1940s, Samuelson was able to link together the tools that had been developed by the econometricians and the economic content that was at the heart of the so-called Keynesian revolution. The problem then shifted from business cycle trajectories to the disequilibrium between economic aggregates, and the issues raised by the global stability of full employment equilibrium. This was addressed by Oskar Lange, who presented an analysis of market coordination failures, and Lawrence Klein, Samuelson's first PhD student, who pursued empirical work in this direction. The book highlights the various visions and approaches that were embedded in these macro-dynamic models, and that their originality is of interest to today's model builders as well as to students and anyone interested in how new economic ideas come to be developed. 410 0$aSpringer Studies in the History of Economic Thought,$x2662-6101 606 $aEconomics$xHistory 606 $aMacroeconomics 606 $aEconometrics 606 $aEconomic history 606 $aHistory of Economic Thought and Methodology 606 $aMacroeconomics and Monetary Economics 606 $aEconometrics 606 $aEconomic History 615 0$aEconomics$xHistory. 615 0$aMacroeconomics. 615 0$aEconometrics. 615 0$aEconomic history. 615 14$aHistory of Economic Thought and Methodology. 615 24$aMacroeconomics and Monetary Economics. 615 24$aEconometrics. 615 24$aEconomic History. 676 $a331.13720724 676 $a339.0904 702 $aCarret$b Vincent 801 0$bMiAaPQ 801 1$bMiAaPQ 801 2$bMiAaPQ 906 $aBOOK 912 $a9910522570003321 996 $aModeling Economic Instability$92596911 997 $aUNINA LEADER 01800nam0 22004093i 450 001 RAV0016295 005 20251003044318.0 010 $a8802040869 100 $a20230202d1987 ||||0itac50 ba 101 | $aita 102 $ait 181 1$6z01$ai $bxxxe 182 1$6z01$an 183 1$6z01$anc$2RDAcarrier 200 1 $aˆIl ‰bilancio d'esercizio$estrutture e valutazioni$fGiovanni E. Colombo 210 $aTorino$cUTET$d©1987 215 $aVIII, 303 p.$d24 cm. 225 | $aˆIl ‰diritto attuale$v3 410 0$1001CFI0020782$12001 $aˆIl ‰diritto attuale$v3 606 $aSOCIETA PER AZIONI$xBilanci$2FIR$3NAPC052661$9E 676 $a346.4506648$9DIRITTO DELLE SOCIETA. CONTABILITA. ITALIA$v21 676 $a657.3$9CONTABILITA. RENDICONTI FINANZIARI$v19 696 $aBilanci d'esercizio$aBilancio$aBilancio consuntivo$aBilanci di esercizio 699 $aBilanci$yBilanci d'esercizio 699 $aBilanci$zBilancio 699 $aBilanci$yBilancio consuntivo 699 $aBilanci$yBilanci di esercizio 700 1$aColombo$b, Giovanni E.$3CFIV008970$4070$0115997 801 3$aIT$bIT-000000$c20230202 850 $aIT-BN0095 $aIT-AV0007 901 $bNAP AV$cSEZ. M $nSezione Moderna 901 $bNAP 01$cPOZZO LIB.$nVi sono collocati fondi di economia, periodici di ingegneria e scienze, periodici di economia e statistica e altri fondi comprendenti documenti di economia pervenuti in dono. 912 $aRAV0016295 950 0$aBiblioteca Centralizzata di Ateneo$c1 v.$d 01POZZO LIB.ECON MON 9342$e 0101 0000095345E VMA 1 v. (rist. 1992 . - precedente collocazione: GUERRAZZI B 814)$fB $h20080115$i20080115 977 $a 01$a AV 996 $aBilancio d'esercizio$9195149 997 $aUNISANNIO